| 000 | 00867nam a2200157Ia 4500 | ||
|---|---|---|---|
| 008 | 100122s9999 xx 000 0 und d | ||
| 082 |
_b65742 _aBM823.08 |
||
| 100 | _aअरगडे वेणूताई | ||
| 245 | _aदेवराम भागाबाई / वासुदेवाची आली स्वारी / वळवाचा पाऊस / छान गोष्टी | ||
| 250 | _a1 | ||
| 260 |
_bकेमकर प्रकाशन _c1979 |
||
| 300 | _a100 | ||
| 630 | _aदेवराम भागाबाई / वासुदेवाची आली स्वारी / वळवाचा पाऊस / छान गोष्टी | ||
| 730 | _aदेवराम भागाबाई / वासुदेवाची आली स्वारी / वळवाचा पाऊस / छान गोष्टी | ||
| 942 | _cBOOK | ||
| 999 |
_c438640 _d438637 |
||